Lịch sử thế giới : Từ 570 triệu năm trước đến 1990 sau CN trình bày bằng những hình ảnh cụ thể
Uloženo v:
| Hlavní autor: | |
|---|---|
| Médium: | Kniha |
| Jazyk: | Vietnamese |
| Vydáno: |
Văn hoá
1996
|
| Tagy: |
Přidat tag
Žádné tagy, Buďte první, kdo otaguje tento záznam!
|
| Thư viện lưu trữ: | Mạng thư viện Đại học Đà Nẵng |
|---|
| LEADER | 00721nam a2200253 4500 | ||
|---|---|---|---|
| 001 | 000022477 | ||
| 003 | 18925 | ||
| 005 | 20150506100520.0 | ||
| 008 | 150506s1996 viesd | ||
| 020 | |c 00 | ||
| 041 | 0 | |a vie | |
| 082 | 1 | 4 | |a 909 |b BU-T |
| 100 | 1 | |a Bùi Đức Tịnh | |
| 245 | 1 | 0 | |a Lịch sử thế giới : Từ 570 triệu năm trước đến 1990 sau CN trình bày bằng những hình ảnh cụ thể |c Bùi Đức Tịnh biên dịch |
| 260 | |b Văn hoá |c 1996 | ||
| 300 | |a tr. |c cm. | ||
| OWN | |a LSP | ||
| 999 | |a From the UDN01 | ||
| TYP | |a Monograph | ||
| TYP | |a Printed language | ||
| 980 | |a Mạng thư viện Đại học Đà Nẵng | ||